Obálka Náhled e-knihy:
Epub
Pro půjčování e-knih musíte být přihlášeni.
Jak si půjčit online?

Ochráním tě /

Jak úzká je hranice mezi ochranou a kontrolou, mezi láskou a strachem, a co všechno jsme ochotni udělat, abychom ochránili své nejbližší? Psychologický román o rodině, která se snaží držet pohromadě, i když se důvěra začne rozpadat.

Uloženo v:
Hlavní autor: Rundberg, Johan, 1973- (Autor)
Další autoři: Švolbová, Hana, 1982- (Autor)
Médium: E-kniha
Jazyk:Czech
Vydáno: V Brně : Jota, 2026
Vydání:Vydání první
Témata:
Tagy:
Žádné tagy
LEADER 02926nam a2200469 i 4500
001 312914
003 CZ PrSKC
005 20260601215730.0
007 ta
008 260213s2026 xr g 000 f cze
015 |a cnb003740831 
020 |a 9788076897373  |q (vázáno) 
040 |a ABG001  |b cze  |d OLA001  |e rda 
041 1 |a cze  |h swe 
072 7 |a 821.11  |x Germánské literatury  |2 Konspekt 
080 |a 821.113.6-31  |2 MRF 
080 |a (0:82-311.1)  |2 MRF 
080 |a (0:82-312.4)  |2 MRF 
100 1 |a Rundberg, Johan,  |d 1973-  |7 xx0341476  |4 aut 
240 1 0 |a Som vaktar flocken.  |l Česky 
245 1 0 |a Ochráním tě /  |c Johan Rundberg ; překlad Hana Švolbová 
250 |a Vydání první 
264 1 |a V Brně :  |b Jota,  |c 2026 
300 |a 478 stran ;  |c 22 cm 
336 |a text  |b txt  |2 rdacontent 
337 |a bez média  |b n  |2 rdamedia 
338 |a svazek  |b nc  |2 rdacarrier 
500 |a Přeloženo ze švédštiny 
520 2 |a Jak úzká je hranice mezi ochranou a kontrolou, mezi láskou a strachem, a co všechno jsme ochotni udělat, abychom ochránili své nejbližší? Psychologický román o rodině, která se snaží držet pohromadě, i když se důvěra začne rozpadat.  |b Sanna a Martin žijí spokojeným životem se dvěma dospívajícími dětmi v poklidné čtvrti na okraji Stockholmu. Oba mají úspěšné kariéry a vztah, jaký jim mnozí z přátel mohou závidět. Zdá se, že překonali i těžké období, kdy jejich dcera Mya nezapadala mezi vrstevníky a přestala chodit do školy. Pak se ale mezi Myinými spolužáky začne šířit výhrůžné video, které všechno převrátí naruby. Okolí rodiny ovládne strach a předsudky. Mya se uzavírá do sebe, uniká do online světa a do společnosti tajemného chlapce jménem Wilk. Jistotu ztrácí i Sanna v nové práci na obecním úřadě a Martin nabývá přesvědčení, že je někdo neustále sleduje. S rostoucími podezřeními a šířícími se pomluvami stojí Sanna a Martin před děsivou otázkou, jak dobře vlastně znají své děti - a sebe navzájem. Nakladatelská anotace. 
655 7 |a švédské romány  |7 fd133923  |2 czenas 
655 7 |a psychologické romány  |7 fd278579  |2 czenas 
655 7 |a thrillery (romány)  |7 fd184206  |2 czenas 
655 9 |a Swedish fiction  |2 eczenas 
655 9 |a psychological novels  |2 eczenas 
655 9 |a thrillers (novels)  |2 eczenas 
700 1 |a Švolbová, Hana,  |d 1982-  |7 xx0175809  |4 trl 
710 2 |a Nakladatelství Jota  |7 kn20120920011  |4 pbl 
900 |a ABA001  |b 20 
044 |a xr 
910 |a RBIT002 
998 |d 425003  |a https://core.palmknihy.cz/api/books/425003/cover?tac8rx  |b https://core.palmknihy.cz/api/books/425003/cover/400?tac8rx  |c https://core.palmknihy.cz/api/books/425003/cover/50?tac8rx  |e 2030-04-11  |g 480  |i 9788076897373  |j https://core.palmknihy.cz/api/books/425003/preview.epub  |l   |q 49  |r 1  |s https://www.palmknihy.cz/kniha/425003  |t ebook  |y 2026  |z 0 
999 |d 312912